| 000 | 00871nam a22002415a 4500 | ||
|---|---|---|---|
| 003 | OSt | ||
| 005 | 20171002124522.0 | ||
| 008 | 171002s2010 ua a gr 000 0 ara d | ||
| 017 | _a2010 / 3504 | ||
| 020 | _a9789774260575 | ||
| 040 |
_aEG-ScBUE _bara _cEG-ScBUE |
||
| 082 | 0 | 4 |
_a658.4022 _bف ق ي _222 |
| 100 | 1 |
_aفقي، إبراهيم، _d2012-1950. |
|
| 245 | 1 | 2 |
_aالعمل الجماعي / _cإبراهيم الفقي. |
| 260 |
_aالمهندسين، الجيزة : _bالراية للنشر والتوزيع ؛ _bميديا بروتك للبرمجيات، _c2010. |
||
| 300 |
_a124 ص. : _bإيض. (لو) ؛ _c20 سم. |
||
| 650 | 7 |
_aالعمل الجماعي _xإدارة. _2BUEsh |
|
| 650 | 7 |
_aإدارة الأفراد. _2BUEsh |
|
| 650 | 7 |
_aالقيادة الإدارية. _2BUEsh |
|
| 651 | _2BUEsh | ||
| 653 |
_bBUSADM _bGGEN _cOctober2017 |
||
| 942 | _2ddc | ||
| 999 |
_c25463 _d25435 |
||